000
00291nam a22001337a 4500
008
170707b xxu||||| |||| 00| 0 eng d
020
_a
2900130838154
041
_a
eng
080
_a
82
100
_a
22
101
_a
GJL
245
_a
AMERICAN LITERATURE
_c
MCMICHAEL.G
942
_2
udc
_c
BK
999
_c
20015
_d
20015